| 000 | 00395nam a22001217a 4500 | ||
|---|---|---|---|
| 008 | 230620b xxu||||| |||| 00| 0 eng d | ||
| 082 |
_a324.96 _bOWI |
||
| 110 | _bInstitute of Education Democracy | ||
| 245 |
_aEnhancing the Electoral Process in Kenya _bA Report on the transition General Elections 2002 |
||
| 260 |
_binstitute for education in Democracy _c2003 |
||
| 300 | _a179p | ||
| 942 |
_2ddc _cBK |
||
| 999 |
_c1925 _d1925 |
||